00831nam a22001817a 4500003000900000008004100009020001800050040007100068082001800139100002500157245012100182260006800303300005100371505016400422650002200586650001800608650002300626AR-CdUCM190304b ||||| |||| 00| 0 spa d a9972-42-061-2 aMUNICIPALIDAD PROVINCIAL DEL CUSCOcBIBLIOTECA MUNICIPAL DEL CUSCO a348.6 /bF623 aFlint Blanck, Pinkas aLa revolución del derecho de seguros y del derecho laboral :bgenética y derecho : el proyecto genoma humano /  aLima : b Pontificia Universidad Católica del Perú, c1998. a286 paginas ;bIlustraciones en color,c19 cm. aEl proceso genético -- La herencia como condicionante de la conducta -- Genes y personalidad -- Genomas y seguros -- El derecho laboral y el genoma humano... aDerecho comparado aGenoma humano aCiencia de la vida